000 02155 a2200337 4500
003 OSt
005 20180116192341.0
008 120524t xxu||||| |||| 00| 0 eng d
020 _a0442025807 (paperback)
020 _a9780442025809 (paperback)
040 _c0
082 0 4 _a720.47
100 1 _aLeupen, Bernard.
_91992
245 1 0 _aDesign and analysis /
_cBernard Leupen, Christoph Grafe, Nicola Korning, Marc Lampe, Peter Dezeeuw, Nicola Kornig, Peter De Zeeuw, Bernard Leupen.
260 _aNew york :
_bVan Nostrand Reinhold,
_c1997.
300 _a224 p. ;
_bill.;
_c27 cm.
520 _aTaking an interdisciplinary approach, and using historical examples of architecture, urban design, and landscape architecture, the book traces the evolution of design principles from ancient Greece to the 20th Century. Design and analysis are inseparable processes. All architects, designers, urban planners, and landscape architects use similar methods of analysis to understand the structure and compositional principles of things that have already been built. Only methodical analysis gives us an insight into the design process, or into the way in which an object has been put together. This book is an ideal tool to teach and learn analytical methods that can be applied to any design process. The subject matter is organized in six different parts corresponding to all the major factors that may influence a designer's decision. Emphasis is put into analytical drawings and their applications to different subjects.
650 0 _aArchitectural design
_91993
650 0 _aArchitecture
_xComposition, proportion, etc.
_91994
650 0 _aArchitecture
_xEnvironmental aspects
_91995
700 1 _aGrafe, Christoph.
_91996
700 1 _aKorning, Nicola.
_91997
700 1 _aLampe, Marc.
_91998
700 1 _aDezeeuw, Peter.
_91999
700 1 _aKornig, Nicola.
_92000
700 1 _aZeeuw, Peter De.
_92001
700 1 _aLeupen, Bernard.
_92002
856 4 0 _3Amazon.com
_uhttp://www.amazon.com/exec/obidos/ASIN/0442025807/chopaconline-20
942 _aSADA
_cBK
_k720.47 LEU 1997
_2ddc
999 _c352649
_d352649